zpět

Detail výsledku týmu

Bowling Darts Rubín, Brno

Datum a čas kvízu

39 Celkem bodů Celkový počet nahraných bodů na tomto kvízu bez doplňovacích otázek.
2. Pořadí na kvízu Konečné umístění týmu na tomto kvízu.

Zaznamenané odpovědi

# Otázka Odpověď Body Výsledky
1. Ve středu padla společnost Boh... Pavel Liška, Marek Daniel 1
2. Ve stínu událostí českých parl... Ministr zahraničí. 1
3. Nakladatelství DC Comics, kter... Superman 1
4. Po 75 letech existence minulý... Alitalia 1
5. Profesionální kariéru minulý t... Roman Kreuziger 1
6. Pokřín obecný je rostlina, kte... mandragora 1
7. Asa smrdutá je asijská rostlin... čertovo lejno 1
8. Vigna zlatá je rostlina z čele... mungo 1
9. Ledvinovník západní je tropick... oříšky kešu 1
10. Paznehtník je metr vysoká byli... akant 0